000 00495nam a2200157 i 4500
001 30140
003 ES-MaACL
005 20230906154138.0
007 t|
008 030123m19101911sp ||||1| spa d
100 1 _aBarrachina y Pastor, Federico.
_925811
245 1 0 _aDerecho hipotecario y notarial
_b: comentarios a la ley Hipotecaria /
_cFederico Barrachina y Pastor.
260 _aCastellón :
_b[s.n.,
_c1910-1911] (
_fArmengot)
300 _a4 v. ;
_c22 cm.
852 _aES-MaACL
_jF-4273-76
999 _c30140
_d30140